Animisme et spiritisme (Record no. 20808)
[ view plain ]
| 000 -LEADER | |
|---|---|
| campo de control de longitud fija | 00652nam a2200181 i 4500 |
| 001 - NÚMERO DE CONTROL | |
| campo de control | 20808 |
| 003 - IDENTIFICADOR DE NÚMERO DE CONTROL | |
| campo de control | ES-MaACL |
| 005 - FECHA Y HORA DE LA ÚLTIMA TRANSACCIÓN | |
| campo de control | 20230906152351.0 |
| 007 - CAMPO FIJO DE DESCRIPCIÓN FÍSICA--INFORMACIÓN GENERAL | |
| campo de control de longitud fija | t| |
| 008 - DATOS DE LONGITUD FIJA--INFORMACIÓN GENERAL | |
| campo de control de longitud fija | 021118s1906 fr ||||1| fre d |
| 100 1# - ENTRADA PRINCIPAL--NOMBRE DE PERSONA | |
| Nombre de persona | Aksakof, Alexandre. |
| 9 (RLIN) | 19039 |
| 245 10 - MENCIÓN DEL TÍTULO | |
| Título | Animisme et spiritisme |
| Resto del título | : essai d'un examen critique des phénomènes mediumniques / |
| Mención de responsabilidad, etc. | par Alexandre Aksakof ; traduit par Berthold Sandow. |
| 250 ## - MENCION DE EDICION | |
| Mención de edición | 3eme ed. |
| 260 ## - PUBLICACIÓN, DISTRIBUCIÓN, ETC. | |
| Lugar de publicación, distribución, etc. | París : |
| Nombre del editor, distribuidor, etc. | Lib. des Sciences Psychiques, |
| Fecha de publicación, distribución, etc. | 1906 ( |
| Lugar de fabricación/manufactura | Saint-Amand : |
| Fabricante | Bussiére) |
| 300 ## - DESCRIPCIÓN FÍSICA | |
| Extensión | XXXII, 634 p., 11 lám. : |
| Otras características físicas | 1 retr. aut. ; |
| Dimensiones | 22 cm. |
| 700 1# - ENTRADA AGREGADA--NOMBRE PERSONAL | |
| Nombre de persona | Sandow, Berthold. |
| 9 (RLIN) | 103116 |
| 852 ## - LOCALIZACIÓN | |
| Ubicación | ES-MaACL |
| Número de control de estantería | D-3427 |
| Estatus retirado | Estado de pérdida | Estado de daño | No para préstamo | Biblioteca de origen | Biblioteca actual | Ubicación en estantería | Fecha de adquisición | Fuente de adquisición | Total de préstamos | Signatura topográfica completa | Código de barras | Visto por última vez | Precio de reemplazo | Tipo de ítem Koha |
|---|---|---|---|---|---|---|---|---|---|---|---|---|---|---|
| Biblioteca del Ateneo de Madrid | Biblioteca del Ateneo de Madrid | Sala Valle Inclán | 17/01/2008 | D-3427 | 901021370 | 23/02/2023 | 23/02/2023 | Libro impreso |
